000 00421cam a2200181ua 4500
001 6058
008 131204n II |||gr||||Z||||||eng
040 _aMAIN
041 _aEnglish
082 _a330.1543 GOY
100 _aGOYAL , J.K .
245 _aMATHEMATICAL ECONOMICS
260 _aNEW DELHI
_bS.CHAND & COMPANY
300 _c20CM.
653 _aMathematical Economics
700 _aSAXENA , B.K .
942 _cBK
999 _c6043
_d6043